000
00318 a2200133 4500
005
20250415063601.0
082
_a
657 WOO
100
_a
WOOD, F.
245
_a
Business Accounting: Volume 1
250
_a
3rd Ed.
260
_a
London,
_b
Longman,
_c
1967.
300
_a
484p.: ill.; table.
_b
Index.
_c
23cm.
942
_2
ddc
_c
BKS
999
_c
1418
_d
1418